000 00490nam a22001577a 4500
020 _a9789385013317
082 _aH1
_bSUR/K
100 _aSuresh Salil
_945301
245 _aKoi deevaar bhi nahi/
_cby Suresh Salil
260 _aGhaziabad:
_bAntika Prakashan,
_c2016.
300 _a112p.
650 _aPoetry Hindi Literature
_945302
650 _aLiterature Hindi
_945303
650 _aLiterature
_945304
942 _cBK
999 _c71377
_d71377